000 01235 am a2200361 a 4500
001 vtls000928695
003 NLI
005 20210627084421.0
008 110909s2010 njud 001 0 eng d
020 _a9789812838438
_c$85.00
039 9 _y201109091755
_zsantanuc
040 _aNLI
_beng
041 0 _aeng
044 _anju
082 0 4 _a339.53094
_222
100 1 _aHamori, Shigeyuki,
_d1959-
_9858520
245 1 0 _aIntroduction of the euro and the monetary policy of the European central bank /
_cShigeyuki Hamori, Naoko Hamori
260 _aNew Jersey :
_bWorld Scientific,
_cc2010
300 _axx, 199 p. ;
_c24 cm.
504 _aIncludes bibliographical references and index
610 2 0 _aEuropean Central Bank
_9858521
650 0 _aMonetary policy
_zEuropean Union countries
_9858522
650 0 _aEuro area
_9858523
700 1 _aHamori, Naoko
_9858524
887 _aSantanu Chanda
901 _a565665 :
_b24.6.11
902 _aE 339.53094 H 186
904 _aSantanu Chanda
949 _AVIRTUAITEM
_D10000
_X100
_6PUR000565665ENG
942 _2ddc
_cBKS
999 _aVIRTUA
_c742012
_d742012
999 _aVTLSSORT0080*0200*0400*0410*0440*0820*1000*2450*2600*3000*5040*6100*6500*6501*7000*8520*9010*9020*9040*9992